[Event "Sarajevo-ch 2019"]
[Site "Sarajevo"]
[Date "2019.03.19"]
[Round "9.3"]
[White "Dizdarevic, Emir"]
[Black "Hadzovic, Amir"]
[Result "1-0"]
[WhiteElo "2430"]
[BlackElo "2255"]
[Annotator "TA"]
[PlyCount "137"]
[EventDate "2019.03.12"]
[EventType "tourn"]
[EventCountry "BIH"]
[SourceTitle "playchess.com"]
[Source "ChessBase"]
[SourceQuality "1"]

{[%evp 9,137,13,-5,0,14,3,7,3,15,12,25,29,25,21,37,16,20,22,35,26,54,54,66,64,91,70,77,68,82,67,77,87,91,77,85,77,90,95,94,99,112,84,100,95,120,120,120,120,122,120,117,114,227,229,229,229,215,227,273,250,257,239,243,225,234,215,219,223,260,216,208,0,229,229,229,228,229,222,220,193,258,246,242,237,232,219,235,244,258,251,284,231,230,220,254,0,206,0,284,284,271,261,342,306,359,359,533,398,631,615,841,825,802,789,777,0,758,660,753,754,747,740,791,761,6105,5925,4698,4694,29979,29979]} 1. Nf3 Nf6 2. b3 d5 3. Bb2 Bf5 4. Nh4 (4. g3 e6 5. Bg2 Nbd7 6. c4 c6 7. O-O h6 8. d4 Be7 9. Nfd2 O-O 10. Nc3 a5 11. e3 Qb6 12. Qe2 Rfe8 13. Rfc1 Rad8 14. a3 Bf8 15. Qf1 Bg6 16. h3 Qa7 17. b4 axb4 18. axb4 {1-0 (123) Nakamura,H (2769)-Caruana,F (2816) Paris 2018}) 4... Bd7 5. c4 dxc4 $146 ({Predecessor:} 5... c6 6. e3 e6 7. Nf3 Bd6 8. d3 O-O 9. Nbd2 Re8 10. d4 Bc8 11. Bd3 Nbd7 {0-1 (56) Abatzidis,S (2036)-Florentiades,M (2080) Limassol 2008}) 6. bxc4 {A06: Réti Opening:1 Nf3 d5} c5 7. Nf3 Nc6 8. g3 {The position is equal.} Qc7 9. Bg2 e5 10. O-O Be7 11. Nc3 Rd8 12. d3 O-O 13. Rb1 b6 14. Nd2 Nd4 15. e3 Nf5 16. Qe2 Bc8 17. Rfd1 Rfe8 18. a4 Bf8 19. a5 Nd6 20. axb6 axb6 21. Ba1 Bg4 22. Bf3 Bd7 23. Rb3 Rb8 24. Rdb1 Qa7 25. Nde4 (25. Nd5 {is interesting.} b5 26. cxb5 Nxd5 27. Bxd5 Rxb5 28. Rxb5 Bxb5 29. Nc4) 25... Nfxe4 26. Nxe4 b5 27. Nxd6 Bxd6 28. cxb5 Rxb5 29. Rxb5 Bxb5 {[#]} 30. Bxe5 $1 Bxd3 (30... Bxe5 $16 31. Rxb5 Rb8) 31. Qxd3 $18 Bxe5 {[#]} 32. Rb7 $1 {[%cal Rb7a7]} Qa1+ 33. Kg2 Bf6 34. Qd7 {[%cal Rd7e8]} Qe5 35. Qxf7+ Kh8 36. h4 Rc8 37. Qd7 Rd8 38. Qc6 Rf8 39. Qd5 Rd8 40. Qf7 Rc8 $1 41. Qc4 Rf8 42. Rd7 Be7 {intending ...Rxf3.} 43. Qd5 Qf6 44. Rc7 Rd8 (44... g6 $142 45. Qb7 Rf7) 45. Qe4 Bd6 46. Rc6 Qe7 47. Qg4 Rf8 48. h5 Qf6 49. Qe4 Qe7 50. Qd5 Rd8 51. Qc4 Rf8 52. Qg4 Qf6 $1 53. Qe4 Qe7 $1 54. Qxe7 Bxe7 {[%mdl 4096] Endgame KRB-KRB} 55. Bd5 Rd8 56. e4 Bd6 57. Bf7 Be7 (57... Bb8 $142 58. f4 g6 59. hxg6 Kg7) 58. f4 Rb8 (58... Rf8 $142 59. Bc4 Ra8) 59. e5 Rd8 60. Kf3 Rf8 61. Bc4 Rd8 62. Bf7 Rf8 63. Bd5 Rd8 64. Ke4 Bf8 65. g4 Be7 66. h6 g6 67. f5 {Intending f6 and mate.} Bg5 68. f6 Bxh6 69. e6 {Accuracy: White = 79%, Black = 36%.} 1-0

[Event "Sarajevo-ch 2019"]
[Site "Sarajevo"]
[Date "2019.03.19"]
[Round "9.4"]
[White "Halilovic, Fahrudin"]
[Black "Mrndjic, Muamer"]
[Result "1/2-1/2"]
[WhiteElo "2053"]
[BlackElo "2246"]
[Annotator "NA"]
[PlyCount "50"]
[EventDate "2019.03.12"]
[EventType "tourn"]
[EventCountry "BIH"]
[SourceTitle "playchess.com"]
[Source "ChessBase"]
[SourceQuality "1"]
[TimeControl "5400+30"]

1. d4 {[%emt 0:00:00]} Nf6 {[%emt 0:00:00]} 2. Bf4 {[%emt 0:00:00]} e6 {[%emt 0:00:00]} 3. e3 {[%emt 0:00:14]} d5 {[%emt 0:01:29]} 4. c3 {[%emt 0:00:08]} b6 {[%emt 0:00:13]} 5. Nd2 {[%emt 0:00:04]} Bb7 {[%emt 0:00:08]} 6. Bd3 {[%emt 0:00:15]} Bd6 {[%emt 0:00:21]} 7. Bg3 {[%emt 0:00:06]} O-O {[%emt 0:00:08]} 8. Ngf3 {[%emt 0:00:07]} c5 {[%emt 0:00:09]} 9. Ne5 {[%emt 0:00:25]} Nc6 {[%emt 0:00:13]} 10. f4 {[%emt 0:00:17]} Ne7 {[%emt 0:00:17]} 11. O-O {[%emt 0:00:15]} Nf5 {[%emt 0:00:07]} 12. Bf2 {[%emt 0:00:27]} Be7 {[%emt 0:00:08]} 13. Qc2 {[%emt 0:00:13]} Nd6 {[%emt 0:00:10]} 14. b3 {[%emt 0:00:36]} Rc8 {[%emt 0:00:09]} 15. Rac1 {[%emt 0:01:01]} cxd4 {[%emt 0:00:41]} 16. exd4 {[%emt 0:00:07]} Nde4 {[%emt 0:00:51]} 17. Nxe4 {[%emt 0:00:09]} dxe4 {[%emt 0:00:10]} 18. Bc4 {[%emt 0:00:57]} Ba3 {[%emt 0:01:15]} 19. Rce1 {[%emt 0:00:25]} a6 {[%emt 0:00:51]} 20. Bh4 {[%emt 0:00:24]} Be7 {[%emt 0:00:15]} 21. a4 {[%emt 0:00:12]} b5 {[%emt 0:01:14]} 22. axb5 {[%emt 0:00:37]} axb5 {[%emt 0:00:08]} 23. Bxb5 {[%emt 0:00:17]} Qxd4+ {[%emt 0:00:12]} 24. cxd4 {[%emt 0:00:15]} Rxc2 {[%emt 0:00:07]} 25. Rf2 {[%emt 0:00:58]} Rfc8 {[%emt 0:00:17]} 1/2-1/2